[Event "9. Forchheimer Sparkassen Open 2010"]
[Site "Forchheim"]
[Date "2010.10.03"]
[Round "5.32"]
[White "Hofmann, Paul"]
[Black "Heinlein, Hans-Albert"]
[Result "1-0"]
[WhiteElo "1686"]
[BlackElo "1378"]
[PlyCount "117"]
[EventDate "2010.??.??"]
[WhiteTeam "FC Ergolding 1932 e.V."]
[BlackTeam "SF Fürth 1951 e.V."]

1. e4 e5 2. Nf3 d6 3. d4 exd4 4. Nxd4 c5 5. Nb3 Nc6 6. Be3 b6 7. f3 Be6 8. c4
g6 9. Nc3 Bg7 10. Qd2 a6 11. Nc1 Nf6 12. Bd3 O-O 13. N1e2 Qc7 14. O-O Rad8 15.
Nd5 Bxd5 16. cxd5 Ne7 17. Bxa6 Ra8 18. Bd3 Ne8 19. Nc3 f5 20. a3 fxe4 21. fxe4
Nf6 22. h3 Kh8 23. Bh6 Neg8 24. Bxg7+ Kxg7 25. Nb5 Qe7 26. Rae1 Rad8 27. Qc3
Qe5 28. Qxe5 dxe5 29. Nc7 Rd6 30. Ne6+ Kf7 31. Nxf8 Kxf8 32. Rf2 Kg7 33. g3 Nh5
34. Kg2 Ngf6 35. Re3 Kh6 36. Be2 Ng7 37. Bf3 Nge8 38. Rc2 Nd7 39. Be2 Nc7 40.
Rec3 b5 41. Rc1 Rb6 42. Kf3 Kg7 43. Kg2 Kh6 44. Rf3 Kg7 45. Rcf1 Nf6 46. Rxf6
Rxf6 47. Rxf6 Kxf6 48. d6 Ne6 49. Bxb5 h5 50. Bc6 Nd4 51. Bd5 g5 52. a4 Nc2 53.
a5 Nb4 54. Kf1 Na6 55. Ke2 h4 56. g4 Nb8 57. Kd3 Nd7 58. a6 Nb6 59. a7 1-0

[Event "9. Forchheimer Sparkassen Open 2010"]
[Site "Forchheim"]
[Date "2010.10.03"]
[Round "5.33"]
[White "Wegmann, Simon"]
[Black "Schaedlich, Helmut"]
[Result "0-1"]
[WhiteElo "1277"]
[BlackElo "1684"]
[PlyCount "42"]
[EventDate "2010.??.??"]
[WhiteTeam "SC Erlangen 48/88"]
[BlackTeam "SC Kirchseeon e.V."]

1. e4 c6 2. d3 d5 3. Qf3 e5 4. Qe3 d4 5. Qg3 Nd7 6. Nf3 f6 7. c3 c5 8. b3 Ne7
9. Ba3 Ng6 10. cxd4 Qa5+ 11. Kd1 cxd4 12. Bxf8 Ndxf8 13. Nh4 Kf7 14. Be2 Nxh4
15. Qxh4 Be6 16. Kc2 b5 17. f4 Nd7 18. f5 Bxb3+ 19. Kxb3 Rac8 20. a3 Qa4+ 21.
Kb2 Rc2# 0-1

[Event "9. Forchheimer Sparkassen Open 2010"]
[Site "Forchheim"]
[Date "2010.10.03"]
[Round "5.34"]
[White "Schneider, Peter"]
[Black "Askri, Samir"]
[Result "1/2-1/2"]
[WhiteElo "1629"]
[BlackElo "1327"]
[PlyCount "108"]
[EventDate "2010.??.??"]
[WhiteTeam "TSV Kirchehrenbach"]
[BlackTeam "SG Siemens Amberg"]

1. Nf3 Nf6 2. d4 g6 3. b3 Bg7 4. Bb2 O-O 5. e3 d6 6. Be2 Nbd7 7. Nbd2 c5 8. c4
cxd4 9. exd4 Nb6 10. O-O Bd7 11. Rc1 Rc8 12. Re1 Nh5 13. g3 Bg4 14. Nh4 Bxe2
15. Rxe2 e6 16. Ndf3 Nd7 17. Ng2 Qa5 18. Bc3 Qa6 19. Qd2 b6 20. Qb2 d5 21. cxd5
exd5 22. Nge1 Bh6 23. Rcc2 Ndf6 24. Bb4 Rxc2 25. Qxc2 Rc8 26. Qd3 Qxd3 27. Nxd3
Ne4 28. Be1 Nhf6 29. h3 a5 30. Kf1 Ne8 31. Bd2 Nxd2+ 32. Nxd2 Kf8 33. Nf3 Rc3
34. Nde5 Nf6 35. Kg2 Kg8 36. Ng4 Nxg4 37. hxg4 Kf8 38. Re5 Rc2 39. g5 Bg7 40.
Rxd5 Rxa2 41. Rb5 a4 42. Rxb6 a3 43. Ra6 Ra1 44. b4 a2 45. b5 Rb1 46. Rxa2 Rxb5
47. Ra8+ Ke7 48. Ra6 Rd5 49. Ra7+ Ke6 50. g4 Rd7 51. Ra6+ Rd6 52. Ra8 Bxd4 53.
Nxd4+ Rxd4 54. f3 Rd2+ 1/2-1/2

[Event "9. Forchheimer Sparkassen Open 2010"]
[Site "Forchheim"]
[Date "2010.10.03"]
[Round "5.35"]
[White "Meulner, Fabian"]
[Black "Stolzenwald, Karl-Heinz"]
[Result "1/2-1/2"]
[WhiteElo "1309"]
[BlackElo "1778"]
[PlyCount "41"]
[EventDate "2010.??.??"]
[WhiteTeam "SW Nürnberg Süd e.V."]
[BlackTeam "Post-SV Memmingen e.V."]

1. d4 d5 2. c4 c6 3. cxd5 cxd5 4. Nc3 Nf6 5. Nf3 a6 6. Bf4 e6 7. e3 Bd6 8. Bxd6
Qxd6 9. Bd3 g6 10. Rc1 O-O 11. O-O b5 12. Ne5 Nbd7 13. f4 Nb6 14. b3 Bb7 15.
Qe1 Rac8 16. Qh4 Ne4 17. Nxe4 dxe4 18. Bb1 f5 19. Qh6 Qe7 20. h3 Qf6 21. g4
1/2-1/2

[Event "9. Forchheimer Sparkassen Open 2010"]
[Site "Forchheim"]
[Date "2010.10.03"]
[Round "5.36"]
[White "Strobl, Thomas"]
[Black "Wichmann, Jörg"]
[Result "1/2-1/2"]
[WhiteElo "1790"]
[BlackElo "1208"]
[PlyCount "38"]
[EventDate "2010.??.??"]
[WhiteTeam "TSV 1860 Weißenburg e.V."]
[BlackTeam "TSV Untersiemau"]

1. e4 e6 2. d4 d5 3. exd5 exd5 4. Nf3 Bd6 5. Bd3 Nf6 6. O-O O-O 7. Bg5 Bg4 8.
Nbd2 Nbd7 9. c3 c6 10. h3 Bh5 11. Qc2 h6 12. Be3 Re8 13. Nh4 Nf8 14. Nf5 Bg6
15. Nf3 Ne4 16. N3h4 Qf6 17. Nxd6 Qxd6 18. Nxg6 fxg6 19. f3 Nxc3 1/2-1/2

[Event "9. Forchheimer Sparkassen Open 2010"]
[Site "Forchheim"]
[Date "2010.10.03"]
[Round "5.37"]
[White "Heger, Heinz"]
[Black "Kreutz, Daniel"]
[Result "0-1"]
[WhiteElo "1111"]
[BlackElo "1822"]
[PlyCount "46"]
[EventDate "2010.??.??"]
[WhiteTeam "SC Forchheim e.V."]
[BlackTeam "Pulheimer Sport-Club 1924/57 e.V"]

1. e4 Nf6 2. Nc3 d5 3. exd5 Nxd5 4. Nge2 Bf5 5. Nd4 Bg6 6. Nxd5 Qxd5 7. c3 c5
8. Nc2 Nc6 9. c4 Qe4+ 10. Ne3 e6 11. d3 Qd4 12. a3 Be7 13. g3 O-O 14. Ra2 Ne5
15. Nc2 Qd7 16. d4 Bxc2 17. Qxc2 Nf3+ 18. Ke2 Nxd4+ 19. Kd2 Nxc2+ 20. Kxc2 Qc6
21. Rg1 Rad8 22. Bg2 Qd7 23. b3 Qd3+ 0-1

[Event "9. Forchheimer Sparkassen Open 2010"]
[Site "Forchheim"]
[Date "2010.10.03"]
[Round "5.38"]
[White "Schütz, Robert"]
[Black "Meier, Martin"]
[Result "1-0"]
[WhiteElo "1775"]
[BlackElo "1068"]
[PlyCount "129"]
[EventDate "2010.??.??"]
[WhiteTeam "SC Forchheim e.V."]
[BlackTeam "FC Ergolding 1932 e.V."]

1. e4 e5 2. Nf3 Nc6 3. Bb5 a6 4. Ba4 Nf6 5. O-O Bc5 6. Re1 d6 7. c3 O-O 8. h3
Re8 9. Bc2 b5 10. d4 exd4 11. cxd4 Bb6 12. Bg5 h6 13. Bh4 Qd7 14. Nc3 Bb7 15.
Qd2 Ne7 16. Bxf6 Ng6 17. Bh4 Nxh4 18. Nxh4 Re7 19. Nf5 Re6 20. Rad1 Rae8 21.
Ne3 b4 22. Ncd5 Bxd5 23. Nxd5 Ba5 24. b3 Qb5 25. Bd3 Qb7 26. Rc1 c6 27. Ne3 Qd7
28. Bc4 Rg6 29. Kh1 Rxe4 30. Bd3 Rxd4 31. Qc2 Rg5 32. Bf5 Qb7 33. Qxc6 Qxc6 34.
Rxc6 g6 35. Rc8+ Kg7 36. Bg4 Rd2 37. Rc2 Rxc2 38. Nxc2 Rd5 39. Rd1 Rxd1+ 40.
Bxd1 Bb6 41. Nxb4 a5 42. Nd3 d5 43. Bf3 d4 44. g4 g5 45. Kg2 Kg6 46. Be4+ Kg7
47. Kf3 Kf6 48. Bf5 Ke7 49. Ke4 Kd6 50. Ne5 Ke7 51. Kd5 Kf6 52. Nd7+ Ke7 53.
Nxb6 f6 54. Nc4 d3 55. Bxd3 Kf7 56. Nxa5 f5 57. Bxf5 Kf6 58. Kd6 Kf7 59. b4 h5
60. b5 hxg4 61. hxg4 Kg7 62. b6 Kh6 63. b7 Kg7 64. b8=Q Kh6 65. Qh8# 1-0

[Event "9. Forchheimer Sparkassen Open 2010"]
[Site "Forchheim"]
[Date "2010.10.03"]
[Round "5.39"]
[White "Hess, Max"]
[Black "Heunemann, Dieter"]
[Result "1/2-1/2"]
[WhiteElo "1532"]
[BlackElo "2153"]
[PlyCount "32"]
[EventDate "2010.??.??"]
[WhiteTeam "Post-SV Memmingen e.V."]
[BlackTeam "SV Jenapharm Jena"]

1. e4 c5 2. Nf3 Nc6 3. d4 cxd4 4. Nxd4 Nf6 5. Nc3 e5 6. Ndb5 d6 7. Nd5 Nxd5 8.
exd5 Nb8 9. c4 Be7 10. Bd3 a6 11. Nc3 O-O 12. O-O f5 13. f3 Nd7 14. Qc2 Nc5 15.
Be3 Nxd3 16. Qxd3 Bd7 1/2-1/2

[Event "9. Forchheimer Sparkassen Open 2010"]
[Site "Forchheim"]
[Date "2010.10.03"]
[Round "5.41"]
[White "Walter, Manfred"]
[Black "Zenner, Stefan"]
[Result "1/2-1/2"]
[WhiteElo "1825"]
[BlackElo "1502"]
[PlyCount "153"]
[EventDate "2010.??.??"]
[WhiteTeam "SV Lauf a.d.P."]
[BlackTeam "SV Haunwöhr SAbt"]

1. Nf3 Nf6 2. c4 c5 3. g3 b6 4. Bg2 Bb7 5. O-O e6 6. b3 Be7 7. Bb2 d6 8. d3 Nc6
9. Nbd2 O-O 10. a3 Qc7 11. Rb1 Rfd8 12. e4 e5 13. Bc3 a5 14. b4 axb4 15. axb4
Bc8 16. b5 Na5 17. Nb3 Nxb3 18. Qxb3 Ne8 19. Ra1 Be6 20. Ra4 Qb7 21. Rfa1 Rxa4
22. Qxa4 h6 23. Qa7 Rb8 24. Ne1 Nc7 25. f4 f6 26. Nf3 Qc8 27. Qa2 Ra8 28. Qb2
Rxa1+ 29. Qxa1 Qa8 30. Qxa8+ Nxa8 31. f5 Bf7 32. Nh4 Kh7 33. Bh3 Nc7 34. Kf2
Na8 35. g4 Nc7 36. Kg3 Ne8 37. Nf3 Bd8 38. Bg2 Nc7 39. h4 Be7 40. Bd2 Ne8 41.
g5 g6 42. fxg6+ Bxg6 43. gxh6 Bf8 44. Ba5 bxa5 45. b6 d5 46. Bh3 dxe4 47. b7
Bd6 48. dxe4 Bxe4 49. Bd7 Bxf3 50. Kxf3 Kxh6 51. Bxe8 f5 52. Bd7 Kh5 53. Bxf5
a4 54. Bc2 a3 55. Bb3 Kxh4 56. Ke4 Kg4 57. Kd5 Bb8 58. Ke4 Kg3 59. Ke3 Kh4 60.
Ke4 Kg5 61. Ba2 Kf6 62. Kd5 Kf5 63. Kxc5 e4 64. Kd4 Kf4 65. c5 Kf3 66. Kc3 e3
67. Bc4 a2 68. Kb2 a1=Q+ 69. Kxa1 e2 70. Bxe2+ Kxe2 71. Kb2 Kd3 72. Kb3 Kd4 73.
Kb4 Kd5 74. Kb5 Ke6 75. c6 Kd6 76. Kb6 Bc7+ 77. Ka7 1/2-1/2

[Event "9. Forchheimer Sparkassen Open 2010"]
[Site "Forchheim"]
[Date "2010.10.03"]
[Round "5.42"]
[White "Wärtsch, Michael"]
[Black "Eisenschmid, Oliver"]
[Result "1-0"]
[WhiteElo "1687"]
[BlackElo "1293"]
[PlyCount "53"]
[EventDate "2010.??.??"]
[WhiteTeam "SVigung Lüdenscheid e."]
[BlackTeam "SV Haunwöhr SAbt"]

1. e4 c5 2. Nc3 g6 3. g3 Bg7 4. Bg2 Nc6 5. d3 Nf6 6. f4 d6 7. Nf3 O-O 8. O-O e5
9. h3 Be6 10. Nh4 exf4 11. Bxf4 h6 12. Be3 Ne5 13. Qd2 h5 14. Bg5 Ned7 15. Ne2
Qb6 16. c3 c4+ 17. d4 Nh7 18. Be3 Ndf6 19. d5 Bh6 20. Nf4 Bxf4 21. Rxf4 Qa5 22.
dxe6 g5 23. Rxf6 gxh4 24. Rf5 Qd8 25. exf7+ Rxf7 26. Qd5 Qe7 27. Raf1 1-0

[Event "9. Forchheimer Sparkassen Open 2010"]
[Site "Forchheim"]
[Date "2010.10.03"]
[Round "5.43"]
[White "Killmann, Reinmar"]
[Black "Klinkhammer, Christopher"]
[Result "1-0"]
[WhiteElo "1648"]
[BlackElo "1129"]
[PlyCount "103"]
[EventDate "2010.??.??"]
[WhiteTeam "SC Forchheim e.V."]
[BlackTeam "SG Siemens Amberg"]

1. e4 e5 2. Nf3 d6 3. d4 Nf6 4. Nc3 Nbd7 5. Bc4 Be7 6. O-O O-O 7. h3 c6 8. Be3
Qc7 9. Qe2 b6 10. d5 Bb7 11. Bg5 h6 12. Bxf6 Nxf6 13. Rfd1 a6 14. dxc6 Qxc6 15.
Nd5 Nxd5 16. Bxd5 Qc7 17. Ne1 Bxd5 18. Rxd5 f5 19. f3 f4 20. c3 Rfc8 21. Nd3
Qc4 22. Nc1 Qxe2 23. Nxe2 Rc5 24. Rad1 Rxd5 25. Rxd5 Rc8 26. Nc1 Rc5 27. Nd3
Rxd5 28. exd5 a5 29. a4 Bd8 30. Nf2 h5 31. Ne4 Be7 32. Kf2 Kf7 33. Ke2 Ke8 34.
Kd3 Kd7 35. Kc4 Kc7 36. Kb5 Bd8 37. Ka6 Be7 38. Nd2 g5 39. Ne4 Bd8 40. b4 Kb8
41. Nxd6 axb4 42. cxb4 Be7 43. Ne4 Kc7 44. a5 bxa5 45. Kxa5 Bd8 46. Ka6 Kb8 47.
d6 Ka8 48. Kb5 Kb7 49. Nc5+ Kb8 50. Kc6 g4 51. Kd5 Bb6 52. Kxe5 1-0

[Event "9. Forchheimer Sparkassen Open 2010"]
[Site "Forchheim"]
[Date "2010.10.03"]
[Round "5.44"]
[White "Steinmüller, Harald"]
[Black "Mann, Johannes"]
[Result "0-1"]
[WhiteElo "1433"]
[BlackElo "1794"]
[PlyCount "92"]
[EventDate "2010.??.??"]
[WhiteTeam "Post-SV Memmingen e.V."]
[BlackTeam "SK Schweinfurt 2000 e.V."]

1. e4 d6 2. d4 Nf6 3. Nc3 g6 4. h3 Bg7 5. Nf3 O-O 6. Bc4 Nc6 7. Be3 e5 8. dxe5
Nxe5 9. Nxe5 dxe5 10. O-O c6 11. Bc5 Re8 12. Qxd8 Rxd8 13. Rad1 Be6 14. Bxe6
fxe6 15. a4 b6 16. Be7 Re8 17. Bxf6 Bxf6 18. Rd6 Rac8 19. Rfd1 Kf7 20. g3 g5
21. g4 Rc7 22. Kg2 Bg7 23. b3 Bf8 24. R6d3 Bc5 25. Rd7+ Rxd7 26. Rxd7+ Re7 27.
Rxe7+ Kxe7 28. Kf1 Kd6 29. f3 Bd4 30. Na2 Kc5 31. Ke2 a5 32. Kd3 Bb2 33. c3 Ba3
34. Kc2 b5 35. Kd3 bxa4 36. bxa4 h6 37. c4 Bb4 38. Nc1 Be1 39. Na2 Bf2 40. Kc3
Bg1 41. Kd3 Bd4 42. Kc2 Kxc4 43. Nc1 Kb4 44. Nd3+ Kxa4 45. Nb2+ Bxb2 46. Kxb2
Kb4 0-1

[Event "9. Forchheimer Sparkassen Open 2010"]
[Site "Forchheim"]
[Date "2010.10.03"]
[Round "5.45"]
[White "Kraja, Dzemal"]
[Black "Walch, Roger"]
[Result "0-1"]
[WhiteElo "1660"]
[BlackElo "1734"]
[PlyCount "90"]
[EventDate "2010.??.??"]
[WhiteTeam "SC Forchheim e.V."]
[BlackTeam "SW Nürnberg Süd e.V."]

1. e4 e6 2. d4 d5 3. exd5 exd5 4. Nf3 Nf6 5. Nc3 Bg4 6. Be2 Bd6 7. h3 Bh5 8.
Bg5 c6 9. Ne5 Nbd7 10. Bxh5 Nxe5 11. dxe5 Bxe5 12. O-O O-O 13. Re1 Qc7 14. Bxf6
Bxf6 15. Rb1 b5 16. Ne2 Qa5 17. Nd4 Qb6 18. c3 Rad8 19. Bf3 g6 20. Qb3 a6 21.
Ne2 Rd7 22. Rbd1 Rfd8 23. a4 Qa5 24. axb5 axb5 25. Nd4 Rd6 26. Qc2 Qb6 27. Qe2
b4 28. Qc2 c5 29. Ne2 b3 30. Qd2 Kg7 31. Nf4 d4 32. c4 Qa6 33. Nd5 Qxc4 34.
Nxf6 Rxf6 35. Rc1 Qb5 36. Re5 Rc8 37. Be2 Qb6 38. Bc4 h6 39. Qd3 Rb8 40. h4 Qc7
41. Qe4 Qa5 42. h5 Qd2 43. Qe2 Qxc1+ 44. Kh2 Qf4+ 45. Kg1 Ra8 {Rest unleserlich
} 0-1

[Event "9. Forchheimer Sparkassen Open 2010"]
[Site "Forchheim"]
[Date "2010.10.03"]
[Round "5.46"]
[White "Tong, Kevin"]
[Black "Müller, Roland"]
[Result "1-0"]
[WhiteElo "1261"]
[BlackElo "1661"]
[PlyCount "87"]
[EventDate "2010.??.??"]
[WhiteTeam "SC Erlangen 48/88"]
[BlackTeam "SV Lauf a.d.P."]

1. e4 c5 2. Nf3 d6 3. d4 cxd4 4. Nxd4 Nc6 5. Nc3 Bd7 6. Be3 Nf6 7. Bc4 e6 8.
Ndb5 Qb8 9. f3 a6 10. Nd4 Be7 11. Qd2 O-O 12. O-O-O Na5 13. Bb3 Nxb3+ 14. Nxb3
b5 15. h4 b4 16. Ne2 Rc8 17. g4 a5 18. g5 Ne8 19. Kb1 Nc7 20. h5 d5 21. Rdg1 f6
22. gxf6 Bxf6 23. Bg5 Bxg5 24. Qxg5 Ne8 25. exd5 Qc7 26. Qd2 Qe5 27. dxe6 Bxe6
28. Ned4 Bxb3 29. Nxb3 Rd8 30. Qg5 Qc7 31. f4 a4 32. Nc1 a3 33. Qe5 Nd6 34. b3
Ra5 35. Qe3 Nf5 36. Qh3 Nd4 37. Rg2 Rc5 38. Rhg1 Rd7 39. Qe3 Kf8 40. h6 g6 41.
Re1 Rd8 42. Qe4 Rc8 43. Qxd4 Rxc2 44. Qh8+ 1-0

[Event "9. Forchheimer Sparkassen Open 2010"]
[Site "Forchheim"]
[Date "2010.10.03"]
[Round "5.47"]
[White "Veitl, Rudolf"]
[Black "Ertl, Helmut"]
[Result "1-0"]
[WhiteElo "1261"]
[BlackElo "1660"]
[PlyCount "109"]
[EventDate "2010.??.??"]
[WhiteTeam "SV Deggendorf"]
[BlackTeam "SV Deggendorf"]

1. e4 c5 2. Nf3 Nc6 3. d4 cxd4 4. Nxd4 e5 5. Nxc6 bxc6 6. Bc4 d5 7. exd5 Nf6 8.
Bg5 Bb4+ 9. c3 Be7 10. Bxf6 Bxf6 11. O-O O-O 12. dxc6 Qc7 13. Bd5 Ba6 14. Re1
Rab8 15. b3 Bc8 16. Nd2 g6 17. Ne4 Bg7 18. c4 Bf5 19. Rc1 Rbd8 20. Rc2 Kh8 21.
Rd2 Qe7 22. Qc2 Bxe4 23. Rxe4 f5 24. Re1 e4 25. Kf1 Qd6 26. Kg1 Be5 27. g3 Qc5
28. Kg2 Bd4 29. Red1 Bf6 30. Qc1 Bg5 31. Qc3+ Bf6 32. Qe3 Qxe3 33. fxe3 Be5 34.
a3 a5 35. Rc2 Kg7 36. b4 axb4 37. axb4 Rb8 38. b5 Kf6 39. Rb1 Bc7 40. c5 Rfd8
41. Bc4 g5 42. Rb3 f4 43. b6 f3+ 44. Kf2 Rd1 45. bxc7 Rc8 46. Rb7 Rh1 47. Ra2
h5 48. Rba7 h4 49. gxh4 Rxh2+ 50. Kg1 Rh3 51. Ba6 Rg3+ 52. Kh2 f2 53. Rxf2+ Rf3
54. Rxf3+ exf3 55. Bxc8 1-0

[Event "9. Forchheimer Sparkassen Open 2010"]
[Site "Forchheim"]
[Date "2010.10.03"]
[Round "5.48"]
[White "Wichmann, Adrian"]
[Black "Hennig, Elmar"]
[Result "1-0"]
[WhiteElo "1265"]
[BlackElo "1644"]
[PlyCount "53"]
[EventDate "2010.??.??"]
[WhiteTeam "SV Seubelsdorf"]
[BlackTeam "TV Faulbach e.V. 1920"]

1. e4 e6 2. d4 d5 3. exd5 exd5 4. Bd3 Bd6 5. Ne2 Nf6 6. Bg5 h6 7. Bh4 Bg4 8. f3
Be6 9. O-O Nbd7 10. Nbc3 c6 11. Re1 Qc7 12. Bg3 O-O-O 13. Rb1 g5 14. b4 Bxg3
15. Nxg3 a6 16. a4 b5 17. axb5 cxb5 18. Qd2 Nb8 19. Bf5 Bd7 20. Re7 Rhf8 21.
Rbe1 Qd6 22. Na2 Rde8 23. Qc3+ Kd8 24. Bxd7 Nbxd7 25. Rxe8+ Rxe8 26. Rxe8+ Kxe8
27. Qc8+ 1-0

[Event "9. Forchheimer Sparkassen Open 2010"]
[Site "Forchheim"]
[Date "2010.10.03"]
[Round "5.50"]
[White "Dresel, Martin"]
[Black "Dreiseitel, Werner"]
[Result "0-1"]
[WhiteElo "1250"]
[BlackElo "1487"]
[PlyCount "116"]
[EventDate "2010.??.??"]
[WhiteTeam "SC Erlangen 48/88"]
[BlackTeam "SC Noris-Tarrasch Nürnberg 1873"]

1. d4 d5 2. c4 c6 3. Nc3 Nf6 4. Nf3 e6 5. e3 Nbd7 6. Bd2 a6 7. b3 Bd6 8. Qc2 e5
9. dxe5 Nxe5 10. Nxe5 Bxe5 11. Bd3 O-O 12. Rd1 h6 13. Ne2 Be6 14. Nd4 Bg4 15.
Ne2 Qe7 16. h3 Bd7 17. Nd4 Bxd4 18. O-O Bc5 19. Qb2 Bb4 20. Bc1 Be6 21. cxd5
Bxd5 22. Bb1 Rad8 23. Qc2 Be4 24. Qb2 Bxb1 25. Qxb1 Rxd1 26. Rxd1 Rd8 27. Rf1
Rd7 28. Bb2 Qd8 29. Qc2 Rd2 30. Qb1 Be7 31. Qa1 Qd3 32. Bc3 Rc2 33. Bb2 Qe2 34.
Bxf6 Bxf6 35. Qe1 Qxe1 36. Rxe1 Rxa2 37. Rb1 Rb2 38. Rxb2 Bxb2 39. f4 Kf8 40.
Kf2 b5 41. e4 f6 42. Ke3 Ke7 43. g4 a5 44. h4 a4 45. bxa4 bxa4 46. g5 hxg5 47.
hxg5 fxg5 48. fxg5 a3 49. Kf4 a2 50. Kf5 a1=Q 51. Kg6 Ke6 52. Kh7 Qe1 53. g6
Qxe4 54. Kh8 Qxg6 55. Kg8 c5 56. Kh8 c4 57. Kg8 c3 58. Kf8 Qf7# 0-1

[Event "9. Forchheimer Sparkassen Open 2010"]
[Site "Forchheim"]
[Date "2010.10.03"]
[Round "5.51"]
[White "Salberg, Evelyne"]
[Black "Lorenz, Dominik"]
[Result "1-0"]
[WhiteElo "1369"]
[BlackElo "927"]
[PlyCount "75"]
[EventDate "2010.??.??"]
[WhiteTeam "SV Bammersdorf"]
[BlackTeam "SC Postbauer-Heng e.V"]

1. d4 c6 2. Nf3 e6 3. g3 d5 4. Bg2 Nf6 5. O-O Nbd7 6. Re1 b5 7. a3 Nb6 8. Bg5
Bd6 9. Nbd2 O-O 10. c3 Bb7 11. Qc2 Re8 12. Rad1 c5 13. Bxf6 Qxf6 14. Qb3 a6 15.
Qc2 Rac8 16. e3 cxd4 17. exd4 a5 18. Bf1 b4 19. Bb5 Bc6 20. a4 Bxb5 21. axb5
bxc3 22. bxc3 Bb4 23. Re3 Rc7 24. Ne5 Rec8 25. Nc6 Bd6 26. Rde1 a4 27. c4 dxc4
28. Ne4 Qg6 29. Qa2 Bb4 30. Nxb4 c3 31. Nc6 Nd5 32. Rf3 Qg4 33. Ne5 Qh5 34. Nd6
Rd8 35. Ndxf7 Rdd7 36. Qxa4 Rxf7 37. Qa8+ Rf8 38. Qxf8# 1-0

[Event "9. Forchheimer Sparkassen Open 2010"]
[Site "Forchheim"]
[Date "2010.10.03"]
[Round "5.52"]
[White "Kunkel, Heinrich"]
[Black "Seidl, Josef"]
[Result "0-1"]
[WhiteElo "1206"]
[BlackElo "1335"]
[PlyCount "72"]
[EventDate "2010.??.??"]
[WhiteTeam "TuS 1863 Aschaffenb.Damm"]
[BlackTeam "TSV Kreuzberg"]

1. Nf3 Nf6 2. d4 d5 3. Bf4 Nbd7 4. e3 a6 5. Bd3 g6 6. O-O Bg7 7. Nc3 O-O 8. e4
dxe4 9. Nxe4 Nxe4 10. Bxe4 Nf6 11. Qd3 c6 12. Rad1 Nxe4 13. Qxe4 Bf5 14. Qe2
Qd5 15. c4 Qd7 16. Be5 f6 17. Bg3 Bg4 18. Rd3 Rfe8 19. Re1 Bxf3 20. Qxf3 b5 21.
cxb5 axb5 22. a3 Ra4 23. Qe4 e5 24. b4 f5 25. Qe2 e4 26. Rdd1 Rxa3 27. Be5 Bf8
28. Qb2 Rea8 29. Ra1 Rxa1 30. Rxa1 Rxa1+ 31. Qxa1 Qd5 32. Qa7 Qc4 33. g3 Qxb4
34. Qb8 Qe7 35. Qb6 Qd7 36. Qb8 h5 0-1

[Event "9. Forchheimer Sparkassen Open 2010"]
[Site "Forchheim"]
[Date "2010.10.03"]
[Round "5.53"]
[White "Tawdross, Peter"]
[Black "Krissmann, Gordana"]
[Result "1-0"]
[WhiteElo "1250"]
[BlackElo "1313"]
[PlyCount "61"]
[EventDate "2010.??.??"]
[WhiteTeam "vereinslos"]
[BlackTeam "SC-SF 1957 Stockstadt"]

1. e4 e5 2. Nf3 Nc6 3. Nc3 Nf6 4. Bb5 d6 5. O-O Be7 6. d4 O-O 7. d5 Na5 8. b4
c6 9. Bd3 cxd5 10. bxa5 Qxa5 11. Nxd5 Nxd5 12. exd5 Qxd5 13. Bxh7+ Kxh7 14.
Qxd5 Be6 15. Qxb7 Bf6 16. Ba3 Rfd8 17. Rad1 d5 18. Rb1 e4 19. Be7 Rab8 20. Qxb8
Rxb8 21. Rxb8 Bxe7 22. Nd4 Bd6 23. Rb7 Bc5 24. Nxe6 fxe6 25. Rfb1 Kg6 26. Kf1
Kf6 27. Ke2 g5 28. g4 Ke5 29. Rf7 Kd4 30. Rb3 Bd6 31. c4 {Rest unleserlich} 1-0

[Event "9. Forchheimer Sparkassen Open 2010"]
[Site "Forchheim"]
[Date "2010.10.03"]
[Round "5.54"]
[White "Schätzko, Wolfgang"]
[Black "Gründel, Josef"]
[Result "0-1"]
[WhiteElo "1053"]
[BlackElo "1306"]
[PlyCount "50"]
[EventDate "2010.??.??"]
[WhiteTeam "SC Höchstadt/Aisch"]
[BlackTeam "SC Forchheim e.V."]

1. e4 e5 2. Nf3 Nc6 3. Nc3 Bc5 4. Bc4 h6 5. d3 a6 6. O-O b5 7. Nd5 bxc4 8. dxc4
d6 9. b3 Nf6 10. Rb1 Nxe4 11. Qe1 Bf5 12. Be3 O-O 13. a4 a5 14. c3 Nf6 15. Ra1
Bd3 16. Qd2 Bxf1 17. Rxf1 Bxe3 18. Nxe3 Rb8 19. Rb1 e4 20. Nh4 Ne5 21. Nef5 Kh7
22. Qf4 g5 23. Qg3 Nh5 24. Qh3 Nf4 25. Qg3 Ne2+ 0-1

[Event "9. Forchheimer Sparkassen Open 2010"]
[Site "Forchheim"]
[Date "2010.10.03"]
[Round "5.55"]
[White "Alka, Kurt"]
[Black "Kraus, Sebastian"]
[Result "1/2-1/2"]
[WhiteElo "1303"]
[BlackElo "1237"]
[PlyCount "41"]
[EventDate "2010.??.??"]
[WhiteTeam "SC Erlangen 48/88"]
[BlackTeam "SV Puschendorf 1949 e.V."]

1. e4 c5 2. Nf3 d6 3. d4 cxd4 4. Nxd4 g6 5. Be3 Bg7 6. Bc4 Nf6 7. Nd2 Bd7 8. c3
a6 9. Qb3 Nc6 10. Bxf7+ Kf8 11. Ne6+ Bxe6 12. Bxe6 Rb8 13. O-O Qa5 14. Qb6 Qe5
15. Bd5 Nxd5 16. exd5 Qxd5 17. Nf3 Ne5 18. Nxe5 Bxe5 19. Rfd1 Qc6 20. Rab1 Kf7
21. Qxc6 1/2-1/2

[Event "9. Forchheimer Sparkassen Open 2010"]
[Site "Forchheim"]
[Date "2010.10.03"]
[Round "5.56"]
[White "Trefflich, Marcus"]
[Black "Meier, Hans"]
[Result "0-1"]
[WhiteElo "1250"]
[BlackElo "1095"]
[PlyCount "56"]
[EventDate "2010.??.??"]
[WhiteTeam "vereinslos"]
[BlackTeam "SV Aham"]

1. e4 e5 2. Nf3 Nc6 3. Bb5 a6 4. Bxc6 dxc6 5. Nxe5 Qd4 6. Nf3 Qxe4+ 7. Qe2 Bf5
8. Qxe4+ Bxe4 9. Ng5 Bxg2 10. Rg1 Bd5 11. Nc3 f6 12. Nxd5 cxd5 13. Nf3 O-O-O
14. Nd4 g5 15. Ne6 Re8 16. Kd1 Rxe6 17. d4 Bd6 18. h3 Ne7 19. Rg4 Ng6 20. c4
Nh4 21. cxd5 Re7 22. f4 h6 23. Kc2 Re1 24. fxg5 hxg5 25. Kd2 Nf3+ 26. Kd3 Rxh3
27. a4 a5 28. Re4 Ne5+ 0-1

[Event "9. Forchheimer Sparkassen Open 2010"]
[Site "Forchheim"]
[Date "2010.10.03"]
[Round "5.57"]
[White "Braun, Kristin"]
[Black "Schneider, Jana"]
[Result "1/2-1/2"]
[WhiteElo "1237"]
[BlackElo "1246"]
[PlyCount "135"]
[EventDate "2010.??.??"]
[WhiteTeam "SC Forchheim e.V."]
[BlackTeam "Spvgg 1946 e.V. Stetten"]

1. e4 c5 2. Nf3 d6 3. Nc3 a6 4. d4 cxd4 5. Nxd4 Nf6 6. Bg5 e6 7. Be2 Be7 8. O-O
b5 9. a3 Bb7 10. Re1 Nxe4 11. Bxe7 Qxe7 12. Nxe4 Bxe4 13. Bxb5+ axb5 14. Rxe4
Qb7 15. Qe2 O-O 16. Nxb5 Rd8 17. Rd1 Ra6 18. Red4 Qc6 19. Qd3 d5 20. c4 Rb6 21.
a4 Ra6 22. cxd5 exd5 23. Rxd5 Rxd5 24. Qxd5 Qxd5 25. Rxd5 Nc6 26. Nc3 f6 27. g3
Rb6 28. Rd6 Kf7 29. Rd7+ Kf8 30. Rd2 Ne5 31. Kf1 Nc4 32. Rc2 Nxb2 33. Ke2 Re6+
34. Kd2 Rd6+ 35. Kc1 Nd3+ 36. Kb1 Rb6+ 37. Ka1 Ke8 38. Nd5 Rb7 39. f4 Kd7 40.
Rd2 Rb3 41. Ka2 Nc1+ 42. Ka1 Kc6 43. Ne7+ Kb6 44. Rb2 Rxb2 45. Kxb2 Nd3+ 46.
Kc3 Nc5 47. Kd4 Nxa4 48. h4 Nc5 49. Nd5+ Kc6 50. Ne7+ Kb6 51. g4 Ne6+ 52. Ke4
g5 53. hxg5 fxg5 54. f5 Ng7 55. Ng8 Kc6 56. Nf6 h6 57. Ke5 Kc5 58. Nh7 h5 59.
gxh5 Nxh5 60. Nxg5 Kc6 61. Ne6 Kd7 62. Nf4 Nxf4 63. Kxf4 Ke7 64. Kg5 Kf7 65. f6
Kf8 66. Kf5 Kf7 67. Kf4 Kf8 68. Ke4 1/2-1/2

[Event "9. Forchheimer Sparkassen Open 2010"]
[Site "Forchheim"]
[Date "2010.10.03"]
[Round "5.58"]
[White "Gottlieb, Michael"]
[Black "Buhl, Eberhard"]
[Result "1-0"]
[WhiteElo "1201"]
[BlackElo "1186"]
[PlyCount "61"]
[EventDate "2010.??.??"]
[WhiteTeam "SC Postbauer-Heng e.V"]
[BlackTeam "SC Forchheim e.V."]

1. e4 c5 2. Nf3 Nf6 3. e5 Nd5 4. c4 Nb6 5. Nc3 d5 6. cxd5 Nxd5 7. Bc4 Nf4 8.
Qa4+ Bd7 9. Bxf7+ Kxf7 10. Qxf4+ Ke8 11. Ng5 Qb6 12. Qf7+ Kd8 13. Nd5 Qg6 14.
f4 Nc6 15. Qxg6 Nd4 16. Qd3 Kc8 17. b3 Bf5 18. Ne4 e6 19. Ne3 Kb8 20. Nxf5 exf5
21. Nd6 Bxd6 22. exd6 Re8+ 23. Kd1 a5 24. Bb2 Ne2 25. Be5 Nd4 26. d7+ Ka7 27.
dxe8=Q Rxe8 28. Bxd4 cxd4 29. Qxd4+ Ka6 30. Re1 Rc8 31. Re6+ 1-0